Statistics for Lock in Those Lyrics: You're So Vain

Click here to take the quiz!

General Stats

  • This quiz has been taken 219 times
    (23 since last reset)
  • The average score is 151 of 196

Answer Stats

Gavotte!% Correct
a
100%
I
100%
you
100%
you?
100%
you.
100%
You
100%
your
100%
about
95%
be
95%
Don't
95%
in
95%
is
95%
so
95%
song
95%
the
95%
think
95%
this
95%
to
95%
vain,
95%
we
95%
you're
95%
You're
95%
and
89%
And
89%
and...
89%
bet
89%
had
89%
into
89%
on
89%
were
89%
eye
84%
eye;
84%
me.
84%
me
84%
of
84%
one
84%
probably
84%
walked
84%
all
79%
like
79%
party
79%
was
79%
when
79%
as
74%
girls
74%
mirror
74%
my
74%
onto
74%
strategically
74%
that
74%
they
74%
up
74%
walking
74%
would
74%
yacht,
74%
years
74%
naive.
68%
not
68%
partner,
68%
said
68%
see
68%
still
68%
where
68%
ago
63%
clouds
63%
coffee,
63%
hear
63%
I'll
63%
never
63%
quite
63%
several
63%
should
63%
some
63%
them
63%
they'd
63%
things
63%
time,
63%
went
63%
below
58%
But
58%
dipped
58%
dreams,
58%
eclipse
58%
it
58%
Then
58%
total
58%
Well,
58%
won.
58%
away
53%
dreamed
53%
friend,
53%
gave
53%
hat
53%
leave.
53%
loved
53%
naturally
53%
sun.
53%
watched
53%
with
53%
apricot.
47%
close
47%
flew
47%
horse
47%
or
47%
yourself
47%
Nova Scotia
42%
pair,
42%
pretty
42%
Saratoga
42%
scarf
42%
such
42%
underworld
42%
wife
42%
jet
37%
Lear
37%
made
37%
spy
37%
gavotte.
21%

Score Distribution

Percentile by Number Answered

Percent of People with Each Score

Your Score History

You have not taken this quiz since the last reset